| Поле | Название | Значение |
| |
Тип записи |
a |
| |
Библиографический уровень |
a |
| 001 |
Контрольный номер |
RU/CBS_UL/BASE/653443782d28401991d2916e3879f989 |
| 005 |
Дата корректировки |
20231005102729.5 |
| 100 |
Данные общей обработки |
__ |
| a |
Данные общей обработки |
20231005 ||| 0rusy0189 ca |
| 101 |
Язык документа |
0_ |
| a |
Язык текста |
rus |
| 102 |
Страна публикации |
__ |
| a |
Страна публикации |
RU |
| 200 |
Заглавие и сведения об ответственности |
1_ |
| a |
Заглавие |
Затерянные города |
| e |
Сведения, относящиеся к заглавию |
[древние города мира] |
| 300 |
Общие примечания |
__ |
| a |
Общие примечания |
6+ |
| 461 |
Уровень набора |
_0 |
| 1 |
|
2000 |
| a |
|
Наш Филиппок |
| 463 |
Уровень физической единицы |
_0 |
| 1 |
|
2000 |
| a |
|
№ 5 |
| v |
|
С. 26-27 : фото |
| 1 |
|
2101 |
| d |
|
2023 |
| 1 |
|
001RU/CBS_UL/BASE/3112abac38f8489c9fd0afb20f78e1cb |
| 606 |
Тематические рубрики |
0_ |
| a |
Основная рубрика |
Древние города - История |
| 610 |
Ключевые слова |
0_ |
| a |
Ключевые слова |
города |
| 610 |
Ключевые слова |
0_ |
| a |
Ключевые слова |
древние города |
| 610 |
Ключевые слова |
0_ |
| a |
Ключевые слова |
города древние |
| 610 |
Ключевые слова |
0_ |
| a |
Ключевые слова |
затерянные города |
| 610 |
Ключевые слова |
0_ |
| a |
Ключевые слова |
города затерянные |
| 610 |
Ключевые слова |
0_ |
| a |
Ключевые слова |
Ангкор (древние города) |
| 610 |
Ключевые слова |
0_ |
| a |
Ключевые слова |
Эфес (древние города) |
| 610 |
Ключевые слова |
0_ |
| a |
Ключевые слова |
Троя (древние города) |
| 610 |
Ключевые слова |
0_ |
| a |
Ключевые слова |
Чичен-Ица (древние города) |
| 610 |
Ключевые слова |
0_ |
| a |
Ключевые слова |
Мачу-Пикчу (древние города) |
| 610 |
Ключевые слова |
0_ |
| a |
Ключевые слова |
Баган (древние города) |
| 610 |
Ключевые слова |
0_ |
| a |
Ключевые слова |
Помпеи (древние города) |
| 610 |
Ключевые слова |
0_ |
| a |
Ключевые слова |
Петра (древние города) |
| 610 |
Ключевые слова |
0_ |
| a |
Ключевые слова |
Фивы (древние города) |
| 610 |
Ключевые слова |
0_ |
| a |
Ключевые слова |
Херсонес (древние города) |
| 610 |
Ключевые слова |
0_ |
| a |
Ключевые слова |
Теотиуакан (древние города) |
| 686 |
Индексы других классификаций |
__ |
| 2 |
Код системы |
rubbk |
| a |
Классификационный индекс |
63.3(0)3 |
| 801 |
Источник записи |
_0 |
| a |
Страна |
RU |
| b |
Организация |
МБУК ЦБС г. Ульяновска |
| c |
Дата составления |
20231005 |
| g |
Правила каталогизации |
RCR |
| 801 |
Источник записи |
_1 |
| a |
Страна |
RU |
| b |
Организация |
МБУК ЦБС г. Ульяновска |
| c |
Дата составления |
20231005 |
| g |
Правила каталогизации |
RCR |
| 901 |
Тип документа |
__ |
| t |
Тип документа |
b |
| w |
Контрольный № источника |
RU/CBS_UL/BASE/3112abac38f8489c9fd0afb20f78e1cb |